|
|
|
|
| LEADER |
00000cam a2200000 a 4500 |
| 001 |
57356 |
| 005 |
20240113062605.0 |
| 008 |
000000|1968 ||||||||r|||||||||||spa|| |
| 040 |
|
|
|b spa
|
| 041 |
1 |
|
|a spa
|
| 082 |
0 |
|
|a 193
|
| 100 |
1 |
|
|a Engels, Federico.
|d 1820-1895
|9 7403
|
| 245 |
|
|
|a Anti-dühring: la subversión de la ciencia por el señor Eugen Dühring
|c Federico Engels; versión española de Manuel Sacristán
|h imp
|
| 250 |
|
|
|a 2a ed.,
|
| 264 |
|
|
|a México
|b Grijalbo
|c 1968
|
| 300 |
|
|
|a xxxviii; 347 páginas:
|c 21.5 cm
|
| 504 |
|
|
|a incl. ref.
|
| 650 |
1 |
|
|a Anti-Dühring
|9 31503
|
| 650 |
1 |
|
|a Moral
|9 1234
|
| 650 |
1 |
7 |
|a Dialéctica
|9 7281
|
| 650 |
1 |
|
|a Plusvalia
|9 31504
|
| 650 |
1 |
4 |
|a Filosofía
|9 8018
|
| 650 |
1 |
4 |
|a Derecho
|9 229
|
| 852 |
|
|
|a UC-CDJBV
|c ESTANTERIA CERRADA
|f Compra
|k lucia.mora
|l 1
|m General
|p 00000000
|r 2
|t 57356
|b 0
|d CDRC
|e CDRC
|g 193 ESTANTERIA CERRADA
|z 0000-00-00
|
| 942 |
|
|
|c BK
|
| 999 |
|
|
|c 24703
|d 24703
|